Culpa Mia cast - Statistics

General Stats
  • This quiz has been taken 52 times
  • The average score is 6 of 14
Answer Stats
Hint Answer % Correct
nick gabriel guevara
98%
noah nicole wallace
96%
author mercedes ron
55%
jenna eva ruiz
53%
rafaela marta hazas
43%
lion victor varona
40%
will ivan sanchez
38%
ronnie fran berenguer
36%
anna adriana ubani
34%
jonas ivan massague
32%
betty eve ryan
28%
mario lucas nabor
28%
director domingo gonzales
23%
dan pablo riguero
23%
No matching quizzes found
Score Distribution
Percent of People with Each Score
Percentile by Number Answered
Your Score History
You have not taken this quiz